[Event "Bremen-ch"]
[Site "Bremen"]
[Date "2019.04.20"]
[Round "9.29"]
[White "Schubert, Karl Heinz"]
[Black "Gedecke, Richard"]
[Result "0-1"]
[WhiteElo "980"]
[BlackElo "1295"]
[PlyCount "54"]
[EventDate "2019.04.13"]
[EventType "swiss"]
[EventRounds "9"]
[EventCountry "GER"]
[SourceTitle "EXT 2020"]
[Source "ChessBase"]
[SourceDate "2019.10.17"]
[SourceVersion "1"]
[SourceVersionDate "2019.10.17"]
[SourceQuality "1"]

1. e4 e5 2. b3 Bc5 3. Bb2 Nf6 4. h3 d6 5. Nf3 Nxe4 6. d4 exd4 7. Nxd4 Qf6 8. f3 Qh4+ 9. Ke2 Ng3+ 10. Ke3 0-0 11. Kd3 Bf5+ 12. Nxf5 Nxf5 13. Nd2 Nc6 14. Ne4 Ne5+ 15. Kd2 Qf4+ 16. Ke1 Rad8 17. Qe2 Nd4 18. Qf2 Ndxf3+ 19. Qxf3 Nxf3+ 20. gxf3 Rfe8 21. Bd3 d5 22. Rf1 Qg3+ 23. Ke2 dxe4 24. fxe4 Qg2+ 25. Kd1 Rxe4 26. Bc3 Qxf1+ 27. Kd2 Re2# 0-1

[Event "Bremen-ch op"]
[Site "Bremen"]
[Date "2018.03.25"]
[Round "2"]
[White "Ungar, Benedict"]
[Black "Gedecke, Richard"]
[Result "1-0"]
[WhiteElo "1718"]
[BlackElo "1278"]
[PlyCount "71"]
[EventDate "2018.03.24"]
[EventType "swiss"]
[EventRounds "9"]
[EventCountry "GER"]
[SourceTitle "EXT 2019"]
[Source "ChessBase"]
[SourceDate "2018.10.10"]
[SourceVersion "1"]
[SourceVersionDate "2018.10.10"]
[SourceQuality "1"]

1. Nf3 d5 2. c4 c6 3. g3 Nf6 4. Bg2 Bf5 5. cxd5 cxd5 6. 0-0 Nc6 7. b3 e5 8. d3 Bd6 9. Bb2 0-0 10. Nbd2 h6 11. Rc1 Rc8 12. Rc2 Qe7 13. Qa1 b5 14. Rfc1 Bd7 15. a3 d4 16. Ne1 Na5 17. b4 Rxc2 18. Rxc2 Nc6 19. Bxc6 Bxc6 20. Rxc6 Qd7 21. Qc1 Qh3 22. Rxd6 Ng4 23. Ndf3 f5 24. Qc6 f4 25. Qd5+ Kh7 26. Qe4+ Kh8 27. Qg6 fxg3 28. hxg3 h5 29. Qh7+ Kxh7 30. Ng5+ Kh8 31. Nxh3 Re8 32. Ng5 Ra8 33. Nef3 a5 34. Kg2 axb4 35. axb4 g6 36. Rd8+ 1-0